|
|
|
|
| LEADER |
00000naa a2200000uu 4500 |
| 001 |
vtls011085711 |
| 003 |
SK-MaSNL |
| 005 |
20260302140147.0 |
| 008 |
210905|1996 xo |||||||||||||||||ger| |
| 015 |
|
|
|a SNBRA
|
| 035 |
|
|
|a (urnnbn)urn:nbn:sk:snk:ar-a0cm85
|
| 035 |
|
|
|a (uuid)6f793228-b2ae-4580-8a89-1ab4c28827b7
|
| 035 |
|
|
|a urn:nbn:sk:snk-aavs3p
|
| 040 |
|
|
|a SNKBUCL
|b slo
|c SNKBUCL
|e AACR2
|
| 041 |
0 |
|
|a ger
|
| 044 |
|
|
|a xo
|c SK
|
| 100 |
1 |
|
|a Čorej, Ján,
|d 1942-
|4 aut
|9 101366
|
| 245 |
1 |
0 |
|a EXPERIMENTELLE BESTIMMUNG DER FROSTEINDRINGUNGSTIEFE
|c Ján ČOREJ
|
| 773 |
0 |
|
|t Doprava a kvalita
|d Žilina : Vysoká škola dopravy a spojov, 1996, 1996
|g S. 199-203
|z 8071003387
|
| 958 |
|
|
|a OND
|
| 958 |
|
|
|a article12
|
| 958 |
|
|
|a chapter
|
| 999 |
|
|
|c 1329535
|d 1331465
|